000 00348 a2200157 4500
001 154881
040 _cEscola São Tomás de Aquino
100 _aMARTINI, Glorinha
240 1 0 _aConexões com a física
_lpor
245 1 0 _aConexões com a física
300 _a487
362 0 _a2010
440 1 _aModerna
697 _aFÍSICA
942 _cBK
999 _c154881
_d154881